000 00597nam a2200217 i 4500
001 bgj
100 1 _aTEIGE, Karel.
245 1 0 _aLiquidierung der "Kunst" :
_bAnalysen, Manifeste /
_cKarel Teige ; mit einem Nachwort von Paul Kruntorad.
260 _aFrankfurt am Main :
_bSuhrkamp Verlag,
_c1968.
300 _a134, [1] s. ;
_c18 cm.
490 1 _aEdition Suhrkamp
650 9 _aLiteratura
700 1 _aKRUNTORAD, Paul.
830 _aEdition Suhrkamp
040 _cBPK
041 0 _ager
044 _aDEU
080 _a82
942 _cKS
008 s gw f |000 0 ger
999 _c50977
_d50977
856 _uhttp://koha.tu.koszalin.pl/cgi-bin/koha/opac-detail.pl?biblionumber=50977
_yKatalog online BPK